|
|
|
|
| LEADER |
00000nam a2200000Ii 4500 |
| 001 |
DIGEDIUOC858 |
| 003 |
NyNyDIG |
| 008 |
200130s2016 sp a o 000 0 spa d |
| 006 |
m o d |
| 007 |
cr ||||||||||| |
| 035 |
|
|
|a (OCoLC)1140298924
|
| 040 |
|
|
|a DGITA
|b eng
|e rda
|e pn
|c DGITA
|
| 020 |
|
|
|a 9788491164623
|q (eBook ;
|q pdf)
|
| 020 |
|
|
|a 8491164626
|q (eBook ;
|q pdf)
|
| 020 |
|
|
|a 9788491164630
|q (eBook ;
|q ePub)
|
| 020 |
|
|
|a 8491164634
|q (eBook ;
|q ePub)
|
| 020 |
|
|
|z 9788490645345
|
| 020 |
|
|
|z 8490645345
|
| 050 |
1 |
4 |
|a HF5814 ebook
|
| 245 |
0 |
0 |
|a ¿Cómo aplicar los conceptos básicos de publicidad? /
|c Sandra Vilajoana Alejandre (coord.) ; Mònika Jiménez Morales, Zahaira González Romo, Elisabet Baurier Montmany.
|
| 250 |
|
|
|a Primera edición digital.
|
| 264 |
|
1 |
|a Barcelona :
|b Editorial UOC,
|c 2016.
|
| 300 |
|
|
|a 1 online resource :
|b illustrations.
|
| 336 |
|
|
|a text
|b txt
|2 rdacontent
|
| 337 |
|
|
|a computer
|b c
|2 rdamedia
|
| 338 |
|
|
|a online resource
|b cr
|2 rdacarrier
|
| 347 |
|
|
|a text file
|2 rdaft
|
| 347 |
|
|
|b EPUB
|
| 490 |
1 |
|
|a H2PAC
|
| 588 |
0 |
|
|a Online resource; title from ePub title page (Digitalia, viewed January 30, 2020)
|
| 650 |
|
0 |
|a Advertising
|x Study and teaching.
|
| 655 |
|
0 |
|a Electronic books.
|
| 700 |
1 |
|
|a Vilajoana Alejandre, Sandra,
|e editor.
|
| 700 |
1 |
|
|a Jiménez Morales, Mònika,
|e author.
|
| 700 |
1 |
|
|a González Romo, Zahaira,
|e author.
|
| 700 |
1 |
|
|a Baurier, Elisabet,
|e author.
|
| 791 |
2 |
|
|a Digitalia (Firm),
|e distributor.
|
| 793 |
0 |
|
|g Digitalia eBook Collection:
|a Universitat Oberta de Catalunya.
|
| 776 |
0 |
8 |
|i Print version:
|t ¿Cómo aplicar los conceptos básicos de publicidad?
|b Primera edición en lengua castellana.
|d Barcelona : Editorial UOC, 2016
|z 9788490645345
|
| 830 |
|
0 |
|a H2PAC.
|
| 856 |
4 |
0 |
|3 Digitalia Hispánica
|u https://www.digitaliapublishing.com/a/47323/
|
| 910 |
|
|
|a Premium collection: 2020
|